| 000 | 00963nam a2200337 a 4500 | ||
|---|---|---|---|
| 001 | 000111460 | ||
| 003 | CHAP | ||
| 005 | 20260417130241.0 | ||
| 008 | 150508s2014 it a |r| ||||||eng d | ||
| 010 | _a107922 | ||
| 011 | _a108894 | ||
| 020 | _a9789251085363 | ||
| 022 | _a0081-4539 | ||
| 040 | _cCHAP | ||
| 082 | 0 | 4 |
_a630 _bF32y 2014 |
| 245 | 1 | 4 |
_aThe state of food and agriculture, 2014 : _binnovation in family farming / _cpor FAO. |
| 260 |
_aRoma : _bFAO, _c2014. |
||
| 300 |
_a139 p. : _bil. |
||
| 590 |
_aE5995AHE _b05 _c20150508 |
||
| 590 |
_aE5995AHE _b05 _c20150508 |
||
| 590 |
_aE5995AHE _b05 _c20150519 |
||
| 590 |
_aE5995AHE _b05 _c20150519 |
||
| 590 |
_aE6096MTM _b05 _c20150519 |
||
| 650 | 1 | 4 |
_aAgricultura _xEstadísticas _91417 |
| 650 | 1 | 4 |
_aPolítica agrícola. _990283 |
| 650 | 1 | 4 |
_aProductos agrícolas _xMercadeo. _991951 |
| 650 | 1 | 4 |
_a1.Alimentos _xabastecimiento _9154408 |
| 901 | _aBK | ||
| 942 |
_cLIBRO _2ddc |
||
| 942 |
_n0 _2ddc |
||
| 999 |
_c107922 _d107922 |
||